BIBLIOTECA PODER JUDICIAL
Portal Judicial TDF

Derecho de comunicación entre abuelos y nietos o cuidado personal : (Registro nro. 5343)

000 -LEADER
fixed length control field 01206nab a22002537a 4500
003 - CONTROL NUMBER IDENTIFIER
control field OSt
005 - DATE AND TIME OF LATEST TRANSACTION
control field 20250223232816.0
008 - FIXED-LENGTH DATA ELEMENTS--GENERAL INFORMATION
fixed length control field 190603e xxum|||| |||| 00| 0 spa d
040 ## - CATALOGING SOURCE
Transcribing agency PJ
100 ## - MAIN ENTRY--PERSONAL NAME
9 (RLIN) 4622
Personal name Bosch Madariaga (h.), Alejandro F.
245 13 - TITLE STATEMENT
Title Derecho de comunicación entre abuelos y nietos o cuidado personal :
Remainder of title confusión de conceptos /
Statement of responsibility, etc Bosch Madariaga (h.), Alejandro F.
260 ## - PUBLICATION, DISTRIBUTION, ETC. (IMPRINT)
Date of publication, distribution, etc Ciudad Autónoma de Buenos Aires :
Place of publication, distribution, etc Thomson Reuters La Ley,
Name of publisher, distributor, etc 2023.
300 ## - PHYSICAL DESCRIPTION
Extent p. 153-159
500 ## - GENERAL NOTE
General note Cita Online: TR LALEY AR/DOC/2729/2023.
505 ## - FORMATTED CONTENTS NOTE
Formatted contents note Sumario: I. Introducción.— II. El fallo.— III. Comentario.
505 ## - FORMATTED CONTENTS NOTE
Title Fallo comentado: CNCiv., sala C ~ 10/05/2023 ~ B., C. A. I. y otro c. E. A., E. M. s/ cuidado personal de los hijos.
505 ## - FORMATTED CONTENTS NOTE
Title ¿Te interesa el texto completo? Solicitalo al correo: koha@justierradelfuego.gov.ar
650 #0 - SUBJECT ADDED ENTRY--TOPICAL TERM
9 (RLIN) 967
Topical term or geographic name as entry element DERECHO DE FAMILIA
650 #0 - SUBJECT ADDED ENTRY--TOPICAL TERM
9 (RLIN) 1015
Topical term or geographic name as entry element RESPONSABILIDAD PARENTAL
650 #0 - SUBJECT ADDED ENTRY--TOPICAL TERM
9 (RLIN) 3829
Topical term or geographic name as entry element ABUELOS
650 #0 - SUBJECT ADDED ENTRY--TOPICAL TERM
9 (RLIN) 2532
Topical term or geographic name as entry element DOCTRINA DE LOS ACTOS PROPIOS
773 0# - HOST ITEM ENTRY
Host Biblionumber 2713
Host Itemnumber 3170
Place, publisher, and date of publication Ciudad Autónoma de Buenos Aires : Thomson Reuters La Ley, 2015-
Title Revista Código Civil y Comercial. Nº 6 - Diciembre 2023
942 ## - ADDED ENTRY ELEMENTS (KOHA)
Source of classification or shelving scheme
Koha item type Analítica Artículo de Revista

No hay ítems disponibles.

12 de Octubre 789 Ushuaia - Tel:  54(02901)441571
Horario de Atención: 8.00 a 17.00 hs. 
bibliotecaush@justierradelfuego.gov.ar
koha@justierradelfuego.gov.ar
Seguinos en nuestras redes @bibliojustdf 

Con tecnología Koha